El pájaro que no temía al frío / (Registro nro. 12083)

Detalles MARC
000 -LIDER
fixed length control field 00901nam a22002897b 4500
001 - NÚMERO DE CONTROL
Identificador de número de control 019720
003 - IDENTIFICACDOR DE NÚMERO DE CONTROL
control field DO-SdBNP
005 - DATE AND TIME OF LATEST TRANSACTION
control field 20180213145155.0
007 - CAMPOS FIJOS DE DESCRIPCIÓN FÍSICA
fixed length control field 019720
008 - ELEMENTOS DE LONGITUD FIJA
fixed length control field 040923s2004 sp | ||| ||spa
016 7# - NO. DE CONTROL DE LA AGENCIA BIB. NACIONAL
Record control number BPMSU
017 ## - NÚMERO DE REGISTRO DE DERECHOS DE AUTOR
Copyright or legal deposit number
Assigning agency
020 ## - ISBN
International Standard Book Number 8467502851
040 ## - FUENTE DE CATALOGACIÓN
Agencia que crea de manera original el registro BPMSU
Idioma de catalogación spa
Agencia que realiza la transcripción BPMSU
Convenciones de la despripción
100 1# - ASIENTO PRINCIPAL -- NOMBRE PERSONAL
Nombre personal Drvenkar, Zoran
Fechas asociadas con el nombre 1967-
240 14 - TITULO UNIFORME
Título uniforme Der einzige Vogel, der die Kälte nicht fürchtet
Idioma de una obra Español
245 13 - MENCIÓN DE TITULO
Título El pájaro que no temía al frío /
Mención de responsabilidad Zoran Drvenkar ; traducción de Rosanna Terzi ; ilustraciones, Avi
Medio (Designación general de material)
260 ## - PUBLICACIÓN, DISTRIBUCIÓN, ETC. (PIE DE IMPRENTA)
Lugar de publicación, distribución, etc Madrid :
Nombre del editor, distribuidor, etc. SM,
Fecha de publicación, distribución, etc 2004
300 ## - DESCRIPCIÓN FÍSICA
Extensión 105 p.:
Otros detalles físicos il.;
Dimensiones 19 cm
490 1# - MENCIÓN DE SERIES
Mención de serie El barco de vapor ;
-- Naranja
Volume/sequential designation 170
700 1# - ASIENTO SECUNDARIO -- NOMBRE PERSONAL
Nombre personal Avi
Fechas asociadas con el nombre 1962-
Mención de responsabilidad ils.
700 0# - ASIENTO SECUNDARIO -- NOMBRE PERSONAL
Nombre personal Terzi, Rosanna
Mención de responsabilidad tr.
830 #3 - ASIENTO SECUNDARIO DE SERIE--TÍTULO UNIFORME
Título uniforme El barco de vapor.
Nombre de la parte o sección de una obra Naranja
Volume number/sequential designation 170
942 ## - ADDED ENTRY ELEMENTS (KOHA)
Source of classification or shelving scheme Dewey Decimal Classification
Koha item type Libros
945 ## - INFORMACIÓN DE PROCESAMIENTO LOCAL
Información de procesamiento local Inventariado, 2018/MFF
956 ## - LOCAL ELECTRONIC LOCATION AND ACCESS (OCLC)
Nombre de host VMATEO
Número de acceso 10
Información de compresión 20161124
Trayectoria BPMSU
Nombre Electrónico 0069
Existencias
Withdrawn status Lost status Source of classification or shelving scheme Damaged status Not for loan Collection code Home library Current library Date acquired Source of acquisition Total Checkouts Barcode Date last seen Price effective from Koha item type
    Dewey Decimal Classification     Colección Infantil General Biblioteca Pública Metropolitana Salomé Ureña Biblioteca Pública Metropolitana Salomé Ureña 11/24/2016 FUNDI   BPMSU16111533 11/24/2016 11/24/2016 Libros